Normal view
MARC view
- NASH, WILLIAMT
Entry Personal Name
001 - CONTROL NUMBER
- control field: 85085
003 - CONTROL NUMBER IDENTIFIER
- control field: NUST
005 - DATE AND TIME OF LATEST TRANSACTION
- control field: 20211125103951.0
008 - FIXED-LENGTH DATA ELEMENTS
- fixed length control field: 211125|| aca||aabn | a|a d
040 ## - CATALOGING SOURCE
- Original cataloging agency: NUST
- Transcribing agency: NUST
100 ## - HEADING--PERSONAL NAME
- Personal name: NASH, WILLIAMT
670 ## - SOURCE DATA FOUND
- Source citation: Work cat.: (NUST): NASH, WILLIAMT., STRENGTH OF METERIALS /, 2010.
